| 000 | 02109nam a2200313 a 4500 | ||
|---|---|---|---|
| 001 | 000009311 | ||
| 003 | DO-SdBNP | ||
| 005 | 20230420113130.0 | ||
| 007 | ta | ||
| 008 | 090929s2002 dr 000 0 spa d | ||
| 040 |
_aDO-SdBNP _bspa _cBNPHU _erda |
||
| 082 | 4 |
_a344.02 _bR426L _222 |
|
| 110 | 1 |
_aRepública Dominicana.[Leyes, etc.] _9447 |
|
| 240 | 1 | 0 | _a[Leyes, etc.] |
| 245 | 1 | 0 | _aLey no. 87-01 sobre el sistema dominicano de seguridad social |
| 264 |
_aSanto Domingo : _bAFP Reservas, _c2002. |
||
| 300 |
_a177 paginas. ; _c22 cm. |
||
| 336 |
_2rdacontent. _atexto _btxt |
||
| 337 |
_2rdamedia _asin mediación _bn |
||
| 338 |
_2rdacarrier _avolumen _bnc |
||
| 500 | _aIncluye referencias bibliográficas y notas al pie de las páginas | ||
| 505 | _aPrincipios generales 6|Beneficiarios, prestaciones y afiliación 13|Financiamiento, cotización y subsidios 20|Dirección, regulación y administración 26|Recaudo, provisión y supervisión 39|Período de transición 43/Seguro de vejez, discapacidad y sobrevivencia |Finalidad del seguro 45|Pensiones del régimen contributivo 46|Pensiones del régimen subsidiado 68|Pensiones del régimen contributivo subsidiado 73|Servicios sociales para envejecientes 76|Administradoras de fondos de pensiones 77|Inversión de los fondos de pensiones 89|Superintendencia de pensiones 98|Infracciones y sanciones 105|Seguro familiar|Finalidad, derechos y protección 109|Beneficiarios y prestaciones 112|Estancias infantiles 119|Costo y financiamiento 123|Administradora de riesgos y seguro nacional de salud 128|Prestadoras de servicios de salud 141/Transformación y desarrollo del IDSS y SESPAS 144|Sistema de contratación y pago 148|Superintendencia de salud y riesgos laborales 152|Infracciones y sanciones 159|Seguro de riesgos laborales|Finalidad y políticas 164|Beneficiarios y prestaciones 165|Financiamiento, costo y salario cotizable 172 | ||
| 590 | _aInventariado,2023/DG | ||
| 650 | 4 |
_aLey no. 87*01 _914351 |
|
| 650 | 4 |
_aSeguridad social _xLegislación _zRepública Dominicana _914351 |
|
| 700 | _924039 | ||
| 910 | _aDG | ||
| 942 |
_2ddc _cLBS1 |
||
| 999 |
_c53321 _d53321 |
||